[Event "Play for Durgesh Fundraiser Blitz"]
[Site "Vishy Anand Arena"]
[Date "2020.09.19"]
[Round "3"]
[White "Tchitnis"]
[Black "The ChessForce"]
[Result "1-0"]
[WhiteElo "1640"]
[BlackElo "1540"]
[Annotator "NA"]
[PlyCount "83"]
[EventDate "2020.09.19"]
[EventType "swiss (blitz)"]

1. e4 e5 2. Nf3 Nc6 3. Bc4 Bc5 4. O-O Nf6 5. d3 d6 6. c3 O-O 7. a4 Be6 8. Nbd2 a6 9. b4 Ba7 10. Bb2 Bxc4 11. Nxc4 d5 12. Ncxe5 Nxe5 13. Nxe5 dxe4 14. d4 Nd7 15. Ng4 f5 16. Ne5 Nxe5 17. dxe5 Qxd1 18. Raxd1 Rfd8 19. c4 e3 20. fxe3 Bxe3+ 21. Kh1 f4 22. g3 fxg3 23. hxg3 Rd2 24. Rxd2 Bxd2 25. b5 axb5 26. axb5 Ra2 27. Bd4 Bg5 28. Bc5 h6 29. Kg1 Re2 30. Rf2 Re1+ 31. Rf1 Be3+ 32. Bxe3 Rxf1+ 33. Kxf1 Kf7 34. Bf4 Ke6 35. Ke2 c6 36. bxc6 bxc6 37. Kd3 c5 38. Ke4 g5 39. Be3 g4 40. Bxh6 Ke7 41. Bg5+ Ke6 42. Bf4 1-0

[Event "Play for Durgesh Fundraiser Blitz"]
[Site "Vishy Anand Arena"]
[Date "2020.09.19"]
[Round "3"]
[White "Namanjain2005"]
[Black "Kingofblitz"]
[Result "0-1"]
[WhiteElo "1637"]
[BlackElo "1787"]
[Annotator "NA"]
[PlyCount "50"]
[EventDate "2020.09.19"]
[EventType "swiss (blitz)"]

1. e4 c5 2. Nf3 d6 3. d4 cxd4 4. Nxd4 Nf6 5. Nc3 a6 6. Be2 e5 7. Nb3 Be6 8. O-O Be7 9. Bg5 Nbd7 10. a4 O-O 11. Qd3 Rc8 12. Rac1 h6 13. Bh4 Bc4 14. Qd2 Bxe2 15. Qxe2 Nb6 16. Rfd1 Nc4 17. Rb1 Nxb2 18. Rxb2 Rxc3 19. Bxf6 Bxf6 20. Qd2 Rc4 21. Qd5 Qc7 22. Qxd6 Rd8 23. Na5 Rxd6 24. Rxd6 Qxd6 25. f3 Qd1+ 0-1

[Event "Play for Durgesh Fundraiser Blitz"]
[Site "Vishy Anand Arena"]
[Date "2020.09.19"]
[Round "3"]
[White "Skipper_chess"]
[Black "Harry Grieve"]
[Result "1-0"]
[WhiteElo "1629"]
[BlackElo "2028"]
[Annotator "NA"]
[PlyCount "95"]
[EventDate "2020.09.19"]
[EventType "swiss (blitz)"]

1. e4 c5 2. Nc3 Nc6 3. f4 g6 4. Nf3 Bg7 5. Bb5 Nd4 6. O-O e6 7. e5 a6 8. Bd3 d5 9. exd6 Qxd6 10. Ne4 Qc7 11. Nxc5 Qxc5 12. Nxd4 Bxd4+ 13. Kh1 Nf6 14. c3 Bf2 15. Qf3 Bh4 16. g3 Rb8 17. Bc2 b5 18. d4 Qc7 19. gxh4 Bb7 20. Kg2 Bxf3+ 21. Rxf3 O-O 22. f5 exf5 23. Bf4 Qe7 24. Bxb8 Qe2+ 25. Rf2 Qg4+ 26. Bg3 Nd5 27. h3 Ne3+ 28. Kh2 Qh5 29. Bd3 Re8 30. Be2 Qh6 31. Bf4 Qxh4 32. Bg3 Qe4 33. Rg1 Nc4 34. Bf3 Qd3 35. Rd1 Qe3 36. Kg2 f4 37. Re2 Qxe2+ 38. Bxe2 Rxe2+ 39. Kf3 Rxb2 40. Bxf4 Rxa2 41. d5 Rc2 42. d6 Rxc3+ 43. Kg4 Nxd6 44. Bxd6 h5+ 45. Kg5 Rxh3 46. Be5 Rf3 47. Rd8+ Kh7 48. Rh8# 1-0

[Event "Play for Durgesh Fundraiser Blitz"]
[Site "Vishy Anand Arena"]
[Date "2020.09.19"]
[Round "3"]
[White "Aarav810"]
[Black "Shankhodip"]
[Result "0-1"]
[WhiteElo "1620"]
[BlackElo "1390"]
[Annotator "NA"]
[PlyCount "82"]
[EventDate "2020.09.19"]
[EventType "swiss (blitz)"]

1. e4 c5 2. Nf3 d6 3. d4 cxd4 4. Nxd4 Nf6 5. Nc3 a6 6. Be3 Ng4 7. Be2 Nxe3 8. fxe3 e6 9. O-O Be7 10. Qd2 O-O 11. Rad1 Nd7 12. Bd3 Ne5 13. Be2 Qc7 14. Nf3 Nc4 15. Qc1 Qb6 16. Bxc4 Bd7 17. e5 d5 18. Bb3 Bc5 19. Nd4 Qd8 20. Kh1 b5 21. Nce2 a5 22. a3 Qg5 23. Nf3 Qh6 24. Ned4 a4 25. Ba2 f5 26. c3 g5 27. e4 f4 28. g3 Qh5 29. gxf4 Rxf4 30. Qe3 Kh8 31. Rd2 Raf8 32. Rdf2 Bxd4 33. cxd4 Qh3 34. exd5 g4 35. dxe6 Bc6 36. d5 Rxf3 37. Rxf3 Rxf3 38. Rxf3 gxf3 39. Qf2 Qf5 40. Kg1 Bxd5 41. Qf1 Qb1 0-1

[Event "Play for Durgesh Fundraiser Blitz"]
[Site "Vishy Anand Arena"]
[Date "2020.09.19"]
[Round "3"]
[White "Aarush_verma"]
[Black "Aryamegha_tumari"]
[Result "1-0"]
[WhiteElo "1620"]
[BlackElo "1594"]
[Annotator "NA"]
[PlyCount "47"]
[EventDate "2020.09.19"]
[EventType "swiss (blitz)"]

1. e4 d5 2. e5 Bf5 3. d4 Nc6 4. c3 a6 5. Nd2 e6 6. h3 h6 7. Ndf3 Be7 8. Be2 b5 9. Bd3 Bxd3 10. Qxd3 Na7 11. Ne2 c5 12. O-O Qc7 13. Nh2 Nc6 14. Qf3 Qd8 15. Qg3 Bg5 16. Bxg5 Qxg5 17. Qxg5 hxg5 18. Ng3 c4 19. a3 Ra7 20. Rab1 Nge7 21. Ng4 Ng6 22. Ne2 Ke7 23. Rbc1 Rb7 24. Rfe1 1-0

[Event "Play for Durgesh Fundraiser Blitz"]
[Site "Vishy Anand Arena"]
[Date "2020.09.19"]
[Round "3"]
[White "Aayush NPS"]
[Black "Kmistry999"]
[Result "1-0"]
[WhiteElo "1620"]
[BlackElo "1620"]
[Annotator "NA"]
[PlyCount "111"]
[EventDate "2020.09.19"]
[EventType "swiss (blitz)"]

1. d4 Nf6 2. Nc3 e6 3. d5 Bb4 4. Qd2 exd5 5. a3 Ba5 6. b4 Bb6 7. Na4 Ne4 8. Qe3 Bxe3 9. Bxe3 Nf6 10. O-O-O b5 11. Nc5 O-O 12. a4 d6 13. Nd3 Nc6 14. axb5 Ne5 15. Nxe5 dxe5 16. f4 exf4 17. Bxf4 d4 18. Be5 a5 19. bxa5 Rxa5 20. Kb2 Be6 21. Rxd4 c5 22. Rxd8 Rxd8 23. Bc7 Rc8 24. Bxa5 Ne4 25. Nf3 Nf2 26. Rg1 Ng4 27. h3 Nh6 28. Ng5 f6 29. Nxe6 Ra8 30. Bb6 Rb8 31. Bxc5 Rxb5+ 32. Kc3 Rxc5+ 33. Nxc5 Nf5 34. e3 Ne7 35. e4 Nc6 36. Bc4+ Kf8 37. Nd7+ Ke7 38. Nc5 Ne5 39. Nd3 Nc6 40. Re1 g5 41. e5 Nxe5 42. Nxe5 fxe5 43. Rxe5+ Kf6 44. Ra5 h5 45. Ra6+ Kf5 46. Bd3+ Kf4 47. Ra4+ Ke5 48. Ra5+ Kf4 49. g3+ Kf3 50. Rf5+ Kxg3 51. Rxg5+ Kxh3 52. Rxh5+ Kg3 53. Be4 Kf4 54. Kd4 Kg3 55. Rf5 Kg4 56. c4 1-0

[Event "Play for Durgesh Fundraiser Blitz"]
[Site "Vishy Anand Arena"]
[Date "2020.09.19"]
[Round "3"]
[White "Abhiharry726"]
[Black "Prathinav244"]
[Result "1-0"]
[WhiteElo "1620"]
[BlackElo "1280"]
[Annotator "NA"]
[PlyCount "27"]
[EventDate "2020.09.19"]
[EventType "swiss (blitz)"]

1. e4 c5 2. Nf3 a6 3. Bc4 e6 4. O-O b5 5. Be2 Bb7 6. d3 Nc6 7. Nbd2 Qc7 8. Re1 Be7 9. Nf1 Nf6 10. c3 O-O 11. Bg5 a5 12. Bh4 b4 13. Bg3 a4 14. Bxc7 1-0

[Event "Play for Durgesh Fundraiser Blitz"]
[Site "Vishy Anand Arena"]
[Date "2020.09.19"]
[Round "3"]
[White "An_2356"]
[Black "Swayham"]
[Result "0-1"]
[WhiteElo "1620"]
[BlackElo "2042"]
[Annotator "NA"]
[PlyCount "102"]
[EventDate "2020.09.19"]
[EventType "swiss (blitz)"]

1. e4 c5 2. Nf3 d6 3. Bb5+ Bd7 4. Bxd7+ Qxd7 5. O-O Nf6 6. Qe2 Nc6 7. Rd1 e5 8. c3 g6 9. d3 Bg7 10. h3 O-O 11. Bg5 d5 12. exd5 Nxd5 13. Nbd2 Rfe8 14. Nc4 a6 15. a4 f5 16. Ne3 Nf4 17. Qd2 Ne6 18. Bh4 Ne7 19. Nc4 Qc7 20. Re1 Nc6 21. Bg3 f4 22. Bh4 h6 23. d4 cxd4 24. cxd4 Ncxd4 25. Ncxe5 Nb3 26. Qd3 Nxa1 27. Qxg6 Nc2 28. Rc1 Rac8 29. Bf6 Nf8 30. Qf5 Bxf6 31. Qxf6 Qg7 32. Qf5 Ne3 33. Rxc8 Nxf5 34. Rxe8 Nd6 35. Rb8 Qc7 36. Ra8 Nc8 37. b4 Kg7 38. b5 Ng6 39. Nxg6 Kxg6 40. Nd4 Qc1+ 41. Kh2 f3 42. Nxf3 Qc7+ 43. g3 axb5 44. axb5 Nb6 45. Ra2 Qc5 46. Kg2 Qxb5 47. Rd2 Nc4 48. Rd1 Qb2 49. Rd4 Ne3+ 50. Kg1 Qc1+ 51. Kh2 Nf1+ 0-1

[Event "Play for Durgesh Fundraiser Blitz"]
[Site "Vishy Anand Arena"]
[Date "2020.09.19"]
[Round "3"]
[White "Aryn"]
[Black "Chess chess"]
[Result "0-1"]
[WhiteElo "1620"]
[BlackElo "1240"]
[Annotator "NA"]
[PlyCount "90"]
[EventDate "2020.09.19"]
[EventType "swiss (blitz)"]

1. e4 e5 2. Nf3 Nc6 3. Bc4 Nf6 4. Nc3 d6 5. d3 Bg4 6. Bg5 Be7 7. O-O O-O 8. a4 Nd4 9. h3 Nxf3+ 10. gxf3 Bxh3 11. Re1 h6 12. Bh4 Nxe4 13. Bxe7 Nxc3 14. Bxd8 Nxd1 15. Be7 Rfe8 16. Bxd6 Nxb2 17. Bxe5 Nxc4 18. dxc4 c6 19. Kh2 Bf5 20. Re2 f6 21. Rae1 fxe5 22. Rxe5 Rxe5 23. Rxe5 Bxc2 24. Kg3 Bxa4 25. f4 Rf8 26. f3 b5 27. cxb5 cxb5 28. Kg4 Rf7 29. f5 b4 30. Re4 Rb7 31. Kg3 Bc2 32. Re2 Bxf5 33. Re5 Bc2 34. Re2 b3 35. Kf2 b2 36. Rxc2 b1=Q 37. Rc8+ Kh7 38. Ke3 Re7+ 39. Kf2 Qb2+ 40. Kg3 Qb6 41. Rf8 Qg6+ 42. Kf2 Qc2+ 43. Kf1 Qd3+ 44. Kg1 Re2 45. Kf1 Qd1# 0-1

[Event "Play for Durgesh Fundraiser Blitz"]
[Site "Vishy Anand Arena"]
[Date "2020.09.19"]
[Round "3"]
[White "Avi2454"]
[Black "Chessrover"]
[Result "0-1"]
[WhiteElo "1620"]
[BlackElo "1620"]
[Annotator "NA"]
[PlyCount "44"]
[EventDate "2020.09.19"]
[EventType "swiss (blitz)"]

1. e4 d5 2. Nc3 d4 3. Nce2 c5 4. Ng3 e5 5. Nf3 Nc6 6. Bb5 Bd6 7. d3 Nf6 8. O-O O-O 9. Ng5 h6 10. Nf3 a6 11. Bc4 b5 12. Bd5 Bb7 13. c4 bxc4 14. dxc4 Nxd5 15. cxd5 Ne7 16. Nh4 Ng6 17. Nhf5 Bc7 18. Qg4 Bc8 19. f4 exf4 20. Nh5 Qg5 21. Qf3 Bxf5 22. exf5 Qxf5 0-1

[Event "Play for Durgesh Fundraiser Blitz"]
[Site "Vishy Anand Arena"]
[Date "2020.09.19"]
[Round "3"]
[White "Avichaljadeja02"]
[Black "Dushu2930"]
[Result "0-1"]
[WhiteElo "1620"]
[BlackElo "2105"]
[Annotator "NA"]
[PlyCount "50"]
[EventDate "2020.09.19"]
[EventType "swiss (blitz)"]

1. e4 d5 2. exd5 Nf6 3. c4 c6 4. d3 cxd5 5. Nf3 Nc6 6. cxd5 Nxd5 7. d4 Bg4 8. Be2 e6 9. O-O Bd6 10. Nc3 O-O 11. Bg5 Qb8 12. h3 Bh5 13. Re1 Nf4 14. Bxf4 Bxf4 15. d5 exd5 16. Nxd5 Qd6 17. Nxf4 Qxf4 18. Qb3 b6 19. Rad1 Rae8 20. Qd5 Bxf3 21. Qxf3 Qh6 22. Bc4 Rxe1+ 23. Rxe1 Qg6 24. a3 h6 25. b4 a5 0-1

[Event "Play for Durgesh Fundraiser Blitz"]
[Site "Vishy Anand Arena"]
[Date "2020.09.19"]
[Round "3"]
[White "Big_lion"]
[Black "aaryan jogalekar"]
[Result "1-0"]
[WhiteElo "1620"]
[BlackElo "1413"]
[Annotator "NA"]
[PlyCount "51"]
[EventDate "2020.09.19"]
[EventType "swiss (blitz)"]

1. d4 Nf6 2. c4 d5 3. e3 Nc6 4. Nc3 Be6 5. cxd5 Nxd5 6. Bb5 a6 7. Bxc6+ bxc6 8. Nf3 Nxc3 9. bxc3 Bd5 10. O-O e6 11. Bb2 Rb8 12. Rb1 a5 13. a3 Be7 14. Ne5 Bb3 15. Qd3 Qd6 16. c4 c5 17. Nf3 O-O 18. e4 cxd4 19. Bxd4 Qxa3 20. Be5 Rb7 21. Nd4 a4 22. Nxb3 axb3 23. Bb2 Qa2 24. Qd4 Bf6 25. e5 Bg5 26. Ra1 1-0

[Event "Play for Durgesh Fundraiser Blitz"]
[Site "Vishy Anand Arena"]
[Date "2020.09.19"]
[Round "3"]
[White "CHARVITHA"]
[Black "Vishykrish"]
[Result "0-1"]
[WhiteElo "1620"]
[BlackElo "1139"]
[Annotator "NA"]
[PlyCount "44"]
[EventDate "2020.09.19"]
[EventType "swiss (blitz)"]

1. d4 d5 2. Bf4 Nc6 3. e3 Nf6 4. c3 Bf5 5. Nd2 e6 6. Ngf3 Bd6 7. Bg3 Bxg3 8. hxg3 Qd7 9. Ne5 Nxe5 10. dxe5 Ne4 11. Nf3 O-O-O 12. Qb3 b6 13. Qa3 g5 14. Qxa7 Qc6 15. Ba6+ Kd7 16. Bb7 Qc4 17. Qa3 g4 18. Nh4 Qd3 19. Qa4+ Ke7 20. Qb4+ c5 21. Qxb6 Qd2+ 22. Kf1 Qxf2# 0-1

[Event "Play for Durgesh Fundraiser Blitz"]
[Site "Vishy Anand Arena"]
[Date "2020.09.19"]
[Round "3"]
[White "Chessison"]
[Black "Harshpatil"]
[Result "1-0"]
[WhiteElo "1620"]
[BlackElo "1284"]
[Annotator "NA"]
[PlyCount "83"]
[EventDate "2020.09.19"]
[EventType "swiss (blitz)"]

1. d4 Nc6 2. e4 d5 3. e5 f6 4. exf6 Nxf6 5. Nf3 e6 6. Bd3 Bd6 7. O-O O-O 8. Nbd2 e5 9. dxe5 Nxe5 10. Nxe5 Bxe5 11. Nf3 Re8 12. Nxe5 Rxe5 13. Re1 Rxe1+ 14. Qxe1 Qe8 15. Bf4 Qxe1+ 16. Rxe1 Bg4 17. Bxc7 Rc8 18. Bf4 g6 19. h3 Bf5 20. Bxf5 gxf5 21. c3 Kg7 22. Be5 Re8 23. Bxf6+ Kf7 24. Rxe8 Kxe8 25. Bd4 h5 26. f3 a6 27. Kf2 b5 28. Kg3 Kf7 29. Kf4 Ke6 30. g4 hxg4 31. hxg4 fxg4 32. fxg4 Kf7 33. g5 Kf8 34. Kf5 Kf7 35. g6+ Kg8 36. Kf6 Kh8 37. g7+ Kg8 38. Ke7 b4 39. cxb4 a5 40. bxa5 Kh7 41. Kf7 Kh6 42. g8=Q 1-0

[Event "Play for Durgesh Fundraiser Blitz"]
[Site "Vishy Anand Arena"]
[Date "2020.09.19"]
[Round "3"]
[White "Doremon2011"]
[Black "Adireddyarjun"]
[Result "0-1"]
[WhiteElo "1620"]
[BlackElo "1553"]
[Annotator "NA"]
[PlyCount "98"]
[EventDate "2020.09.19"]
[EventType "swiss (blitz)"]

1. e4 c5 2. Nf3 d6 3. Bb5+ Bd7 4. Bxd7+ Qxd7 5. O-O g6 6. Re1 Bg7 7. c3 Nc6 8. d4 cxd4 9. cxd4 Nf6 10. Nc3 O-O 11. e5 dxe5 12. Nxe5 Nxe5 13. dxe5 Qxd1 14. Rxd1 Ng4 15. f4 Rfd8 16. Rxd8+ Rxd8 17. h3 Nh6 18. Be3 a6 19. Bb6 Rd2 20. b3 Nf5 21. g4 Ng3 22. Bf2 Ne2+ 23. Nxe2 Rxe2 24. Rd1 f6 25. exf6 Bxf6 26. g5 Bg7 27. Rd7 Kf7 28. Rxb7 Rxa2 29. Rb6 Rxf2 30. Kxf2 Bd4+ 31. Ke2 Bxb6 32. Kd3 e5 33. fxe5 Ke6 34. Ke4 Bc7 35. Kd4 Bxe5+ 36. Kc5 Bc3 37. Kb6 a5 38. Kb5 Kf5 39. Kc4 Bb4 40. Kb5 Kxg5 41. Kc4 Kh4 42. Kd4 Kxh3 43. Ke4 g5 44. Kf3 g4+ 45. Kf2 g3+ 46. Kg1 Bc5+ 47. Kf1 g2+ 48. Ke2 g1=Q 49. Kf3 Qe3# 0-1

[Event "Play for Durgesh Fundraiser Blitz"]
[Site "Vishy Anand Arena"]
[Date "2020.09.19"]
[Round "3"]
[White "Fluffyfly"]
[Black "PowerPufGirl"]
[Result "1-0"]
[WhiteElo "1620"]
[BlackElo "1249"]
[Annotator "NA"]
[PlyCount "75"]
[EventDate "2020.09.19"]
[EventType "swiss (blitz)"]

1. e4 d5 2. exd5 Qxd5 3. Nc3 Qd8 4. Nf3 a6 5. Bc4 h6 6. d4 e6 7. O-O Bd6 8. d5 exd5 9. Nxd5 Nf6 10. Re1+ Be6 11. Bf4 Bxf4 12. Nxf4 O-O 13. Nxe6 fxe6 14. Bxe6+ Kh8 15. Qxd8 Rxd8 16. Rad1 Rxd1 17. Rxd1 Nc6 18. Bf5 Rf8 19. g4 Nb4 20. a3 Nbd5 21. Ne5 Nf4 22. Kf1 h5 23. Rd4 Re8 24. Nf7+ Kg8 25. Rxf4 Kxf7 26. gxh5 Rd8 27. Bg6+ Kf8 28. Ke2 Ke7 29. Rc4 Nd5 30. Re4+ Kf6 31. Rd4 c6 32. c4 Rd6 33. cxd5 cxd5 34. Be4 dxe4 35. Rxd6+ Kg5 36. Rd7 Kxh5 37. Rxb7 g6 38. Rb6 1-0

[Event "Play for Durgesh Fundraiser Blitz"]
[Site "Vishy Anand Arena"]
[Date "2020.09.19"]
[Round "3"]
[White "H809"]
[Black "Tustintin"]
[Result "1-0"]
[WhiteElo "1620"]
[BlackElo "1613"]
[Annotator "NA"]
[PlyCount "73"]
[EventDate "2020.09.19"]
[EventType "swiss (blitz)"]

1. e4 c6 2. d4 d5 3. e5 Bf5 4. Bd3 e6 5. Bxf5 exf5 6. Nf3 f6 7. Bf4 g6 8. O-O Bg7 9. Re1 Ne7 10. b3 O-O 11. Qe2 fxe5 12. Bxe5 Nd7 13. Bxg7 Kxg7 14. Ne5 Re8 15. Nxd7 Qxd7 16. Qe6 Qxe6 17. Rxe6 Ng8 18. Rxe8 Rxe8 19. Nc3 Nf6 20. Kf1 Ne4 21. Nxe4 dxe4 22. c4 Rd8 23. Rd1 Kf6 24. Ke2 b6 25. f3 a5 26. fxe4 Re8 27. e5+ Ke6 28. Kf3 c5 29. Kf4 a4 30. d5+ Ke7 31. e6 Ra8 32. Ke5 axb3 33. d6+ Ke8 34. axb3 Ra2 35. Kf6 Re2 36. e7 Kd7 37. Kf7 1-0

[Event "Play for Durgesh Fundraiser Blitz"]
[Site "Vishy Anand Arena"]
[Date "2020.09.19"]
[Round "3"]
[White "Jiakher"]
[Black "Tknayak101"]
[Result "0-1"]
[WhiteElo "1620"]
[BlackElo "1632"]
[Annotator "NA"]
[PlyCount "38"]
[EventDate "2020.09.19"]
[EventType "swiss (blitz)"]

1. e4 c5 2. Bb5 a6 3. c4 axb5 4. cxb5 d6 5. Nf3 e6 6. Ng5 Nf6 7. e5 dxe5 8. Qa4 h6 9. b6+ Rxa4 10. Nc3 Ra8 11. Nb5 Na6 12. Nd6+ Bxd6 13. d4 cxd4 14. Bd2 hxg5 15. a3 Qxb6 16. Bb4 Nxb4 17. axb4 Rxa1+ 18. Ke2 Qb5+ 19. Kf3 Qd3# 0-1

[Event "Play for Durgesh Fundraiser Blitz"]
[Site "Vishy Anand Arena"]
[Date "2020.09.19"]
[Round "3"]
[White "Nagaramchess"]
[Black "Crazyintrovert"]
[Result "1-0"]
[WhiteElo "1620"]
[BlackElo "1571"]
[Annotator "NA"]
[PlyCount "79"]
[EventDate "2020.09.19"]
[EventType "swiss (blitz)"]

1. e4 e5 2. Nf3 Nc6 3. Bc4 Nf6 4. Ng5 d5 5. exd5 Nxd5 6. Qf3 Nf6 7. Nxf7 e4 8. Qe3 Qe7 9. Nxh8 a6 10. a4 Ng4 11. Qe2 g6 12. f3 exf3 13. Qxe7+ Nxe7 14. gxf3 Ne5 15. Be2 Bg7 16. d4 N5c6 17. Nxg6 Nxg6 18. c3 Bf5 19. Na3 Kd8 20. Bf4 Kc8 21. Bg3 b6 22. d5 Nce5 23. Bxe5 Nxe5 24. Nc4 Nxc4 25. Bxc4 Kb7 26. Rd1 Re8+ 27. Kf2 Bf6 28. h4 h5 29. d6 cxd6 30. Rxd6 Bh8 31. Rhd1 Bc2 32. R1d2 Bxa4 33. Rh6 Be5 34. Rxh5 Bf4 35. Re2 Rf8 36. Rh7+ Ka8 37. Bxa6 Bc6 38. Ree7 Bd6 39. Bb7+ Bxb7 40. Rxb7 1-0

[Event "Play for Durgesh Fundraiser Blitz"]
[Site "Vishy Anand Arena"]
[Date "2020.09.19"]
[Round "3"]
[White "Nilaykumar2020"]
[Black "SidharthS"]
[Result "0-1"]
[WhiteElo "1620"]
[BlackElo "1570"]
[Annotator "NA"]
[PlyCount "64"]
[EventDate "2020.09.19"]
[EventType "swiss (blitz)"]

1. e4 c5 2. Nf3 d6 3. d4 cxd4 4. Nxd4 Nf6 5. Nc3 a6 6. Bc4 e5 7. Nf5 Nxe4 8. Nxe4 Bxf5 9. f3 Bxe4 10. fxe4 Be7 11. O-O O-O 12. Qf3 Bf6 13. a4 Nc6 14. c3 Rc8 15. Ba2 Qb6+ 16. Kh1 Na5 17. b4 Nc4 18. Bxc4 Rxc4 19. Be3 Qc6 20. Rac1 Qxe4 21. Qxe4 Rxe4 22. Bb6 Rc4 23. b5 Rfc8 24. Ba5 axb5 25. axb5 Bd8 26. Bxd8 Rxd8 27. Rfd1 f6 28. b6 Kf7 29. Rd5 Ke6 30. Rb5 d5 31. h3 d4 32. g3 d3 0-1

[Event "Play for Durgesh Fundraiser Blitz"]
[Site "Vishy Anand Arena"]
[Date "2020.09.19"]
[Round "3"]
[White "PlasticBabu"]
[Black "Kaushik kh"]
[Result "1-0"]
[WhiteElo "1620"]
[BlackElo "1620"]
[Annotator "NA"]
[PlyCount "67"]
[EventDate "2020.09.19"]
[EventType "swiss (blitz)"]

1. d4 d5 2. Nf3 Bf5 3. e3 Nf6 4. Bd3 Bxd3 5. Qxd3 e6 6. Qb5+ Nbd7 7. Qxb7 Bd6 8. O-O Rf8 9. Qb5 Ne4 10. Qd3 f5 11. Nbd2 Rf6 12. b3 Rh6 13. g3 Ng5 14. c4 dxc4 15. bxc4 Nxf3+ 16. Nxf3 Qf6 17. Bb2 Qg6 18. c5 Be7 19. Rfe1 Nf6 20. d5 Ne4 21. d6 cxd6 22. cxd6 Bxd6 23. Ne5 Qh5 24. Qb5+ Ke7 25. Qb7+ Kf6 26. Nf3+ e5 27. Nh4 f4 28. exf4 Nc5 29. Qc6 Ne6 30. fxe5+ Kf7 31. Qd7+ Kg8 32. exd6 Nf8 33. Qh3 Re6 34. Qxe6+ 1-0

[Event "Play for Durgesh Fundraiser Blitz"]
[Site "Vishy Anand Arena"]
[Date "2020.09.19"]
[Round "3"]
[White "SHUSHANTH 4789"]
[Black "Umsamarthrao"]
[Result "0-1"]
[WhiteElo "1620"]
[BlackElo "1620"]
[Annotator "NA"]
[PlyCount "32"]
[EventDate "2020.09.19"]
[EventType "swiss (blitz)"]

1. e4 e5 2. Nf3 Nc6 3. Bc4 Nf6 4. O-O Bc5 5. Ng5 O-O 6. Nxf7 Rxf7 7. Bxf7+ Kxf7 8. Qf3 Kg8 9. c4 d5 10. exd5 Nd4 11. Qd3 Bf5 12. Qc3 Nc2 13. Re1 Nxe1 14. Qxe5 Qe8 15. Qxc7 Nc2 16. Qc6 Qe1# 0-1

[Event "Play for Durgesh Fundraiser Blitz"]
[Site "Vishy Anand Arena"]
[Date "2020.09.19"]
[Round "3"]
[White "Sahana007"]
[Black "IshaanKher"]
[Result "0-1"]
[WhiteElo "1620"]
[BlackElo "1620"]
[Annotator "NA"]
[PlyCount "44"]
[EventDate "2020.09.19"]
[EventType "swiss (blitz)"]

1. e4 e6 2. d4 d5 3. e5 Bb4+ 4. c3 Ba5 5. Nf3 Qe7 6. Bd3 Nh6 7. O-O O-O 8. Bxh6 gxh6 9. h3 Qd7 10. Qc2 Nc6 11. Bxh7+ Kg7 12. Nbd2 f5 13. Bxf5 Rxf5 14. Rfe1 Qf7 15. Nh4 Rxf2 16. Rf1 Rxf1+ 17. Rxf1 Qg8 18. Rf3 Qh7 19. Rg3+ Kh8 20. Qxh7+ Kxh7 21. Rg6 Bd7 22. Ndf3 Rf8 0-1

[Event "Play for Durgesh Fundraiser Blitz"]
[Site "Vishy Anand Arena"]
[Date "2020.09.19"]
[Round "3"]
[White "SaurabhGurbhele"]
[Black "Stuti_Bhatt"]
[Result "0-1"]
[WhiteElo "1620"]
[BlackElo "1403"]
[Annotator "NA"]
[PlyCount "42"]
[EventDate "2020.09.19"]
[EventType "swiss (blitz)"]

1. e4 e5 2. Nf3 Nc6 3. Nc3 Be7 4. Bb5 Nf6 5. d3 O-O 6. O-O a6 7. Bc4 Kh8 8. Bg5 Bc5 9. Qe2 h6 10. Be3 Bxe3 11. Qxe3 d6 12. d4 exd4 13. Nxd4 Nxd4 14. Qxd4 b5 15. Bd5 c5 16. Qd3 Ra7 17. e5 dxe5 18. Rae1 b4 19. Na4 Qxd5 20. Qxd5 Nxd5 21. Rxe5 Nf6 0-1

[Event "Play for Durgesh Fundraiser Blitz"]
[Site "Vishy Anand Arena"]
[Date "2020.09.19"]
[Round "3"]
[White "Smokyqueen"]
[Black "Rohit Tidke"]
[Result "*"]
[WhiteElo "1620"]
[BlackElo "1585"]
[Annotator "NA"]
[PlyCount "37"]
[EventDate "2020.09.19"]
[EventType "swiss (blitz)"]

1. e3 c5 2. Bc4 d6 3. Nf3 e6 4. O-O d5 5. Be2 Bd6 6. c3 Nf6 7. d3 O-O 8. Nbd2 Bc7 9. e4 Qd6 10. e5 Qe7 11. exf6 Qxf6 12. d4 e5 13. dxe5 Bxe5 14. Nxe5 Qxe5 15. Nf3 Qf6 16. Bg5 b6 17. Bxf6 gxf6 18. Qxd5 Re8 19. Bd3 *

[Event "Play for Durgesh Fundraiser Blitz"]
[Site "Vishy Anand Arena"]
[Date "2020.09.19"]
[Round "3"]
[White "Soham Sheogekar"]
[Black "Ritvik1705"]
[Result "1/2-1/2"]
[WhiteElo "1620"]
[BlackElo "1380"]
[Annotator "NA"]
[PlyCount "67"]
[EventDate "2020.09.19"]
[EventType "swiss (blitz)"]

1. e4 e5 2. Qf3 Nc6 3. Bc4 Nf6 4. c3 d6 5. h3 Be7 6. g4 O-O 7. g5 Nd4 8. Qd3 Nd7 9. cxd4 exd4 10. Qxd4 Bxg5 11. Nf3 Bf4 12. Rg1 g6 13. h4 Ne5 14. Nxe5 Bxe5 15. Qe3 Qxh4 16. d4 Bf4 17. Qxf4 Qxf4 18. Bxf4 Bh3 19. Rh1 Be6 20. Bxe6 fxe6 21. Nc3 Rxf4 22. Kd1 Rxf2 23. e5 dxe5 24. dxe5 Rd8+ 25. Ke1 Rfd2 26. Kf1 Rc2 27. Na4 Rf8+ 28. Ke1 Rff2 29. Rf1 Rfe2+ 30. Kd1 Rcd2+ 31. Kc1 Rc2+ 32. Kd1 Red2+ 33. Ke1 Re2+ 34. Kd1 1/2-1/2

[Event "Play for Durgesh Fundraiser Blitz"]
[Site "Vishy Anand Arena"]
[Date "2020.09.19"]
[Round "3"]
[White "Superark"]
[Black "Sujay_bm"]
[Result "0-1"]
[WhiteElo "1620"]
[BlackElo "1820"]
[Annotator "NA"]
[PlyCount "50"]
[EventDate "2020.09.19"]
[EventType "swiss (blitz)"]

1. e4 c5 2. Nf3 d6 3. d4 cxd4 4. Nxd4 Nf6 5. Nc3 g6 6. Be3 Bg7 7. f3 a6 8. Qd2 b5 9. f4 Ng4 10. h3 Nxe3 11. Qxe3 Bb7 12. O-O-O O-O 13. g4 Nc6 14. Nxc6 Bxc6 15. f5 Rc8 16. fxg6 hxg6 17. h4 Bxc3 18. Qxc3 Bxe4 19. Qe3 Rxc2+ 20. Kb1 Re2+ 21. Qd3 Bxd3+ 22. Rxd3 Re1+ 23. Kc2 Qc7+ 24. Kb3 Qc4+ 25. Ka3 Qa4# 0-1

[Event "Play for Durgesh Fundraiser Blitz"]
[Site "Vishy Anand Arena"]
[Date "2020.09.19"]
[Round "3"]
[White "Vivaan harjani"]
[Black "Sb2008"]
[Result "0-1"]
[WhiteElo "1620"]
[BlackElo "1315"]
[Annotator "NA"]
[PlyCount "56"]
[EventDate "2020.09.19"]
[EventType "swiss (blitz)"]

1. e4 e5 2. Nf3 Nf6 3. Nc3 Nc6 4. Bb5 d6 5. Bxc6+ bxc6 6. d3 Bd7 7. Be3 d5 8. exd5 cxd5 9. d4 c6 10. dxe5 Ne4 11. O-O Be6 12. Nd2 Nxc3 13. bxc3 f6 14. exf6 Qxf6 15. c4 Bd6 16. cxd5 cxd5 17. Nb3 O-O 18. Na5 d4 19. Bxd4 Qh6 20. h3 Bxh3 21. Bxg7 Qxg7 22. g3 Ba3 23. Re1 Bb4 24. Re4 Bxa5 25. Ra4 Bb6 26. Qd5+ Kh8 27. Rh4 Bxf2+ 28. Kh2 Bf5 0-1

[Event "Play for Durgesh Fundraiser Blitz"]
[Site "Vishy Anand Arena"]
[Date "2020.09.19"]
[Round "3"]
[White "Vivaan_r_2204"]
[Black "Zoyanizar"]
[Result "0-1"]
[WhiteElo "1620"]
[BlackElo "1341"]
[Annotator "NA"]
[PlyCount "64"]
[EventDate "2020.09.19"]
[EventType "swiss (blitz)"]

1. e4 c5 2. Nf3 e6 3. Bc4 Nc6 4. Nc3 Nf6 5. d3 d5 6. exd5 exd5 7. Bxd5 Nxd5 8. Nxd5 Qxd5 9. O-O Bg4 10. Re1+ Be7 11. h3 Bh5 12. g4 Bg6 13. Qe2 Qd6 14. d4 O-O 15. Ng5 Nxd4 16. Qd2 Bxg5 17. Qa5 Bxc1 18. Rexc1 Nf3+ 19. Kf1 Nd2+ 20. Kg1 Rfe8 21. Rd1 Qf4 22. Rxd2 b6 23. Qc3 Re6 24. Rd7 Rae8 25. Rad1 h6 26. Rd8 Be4 27. Rxe8+ Rxe8 28. Re1 Qb8 29. Qb3 Bf3 30. Rxe8+ Qxe8 31. Qxf3 Qe1+ 32. Kg2 Qd2 0-1